| 000 | 01267nam0a22002771 4500 | ||
|---|---|---|---|
| 001 | rc\525471 | ||
| 005 | 20030616165323.7 | ||
| 035 | _a(NLR Aleph) 005764125 | ||
| 090 |
_a4969469 _c4969469 |
||
| 100 | _a20030616d1987 u |0rusy50 ca | ||
| 101 | 0 | _arus | |
| 102 | _aRU | ||
| 105 | _aa ||||||||| | ||
| 200 | 1 |
_aПРИНЦИПЫ построения оптимальных систем управления технологическими СО₂-лазерами _fГ.А. Абильсиитов, В.С. Голубев, В.Г. Гонтарь, А.А. Колпаков _g[Науч. ред. д. ф.-м. н. С.В. Пашкин] |
|
| 210 |
_aШатура _cБ. и. _d1987 |
||
| 215 |
_a35 с. _cсхем. _d20 |
||
| 225 | 1 |
_aПрепринт _fМеждувед. науч.-техн. совет по пробл. лазер. технологии ГКНТ и АН СССР, Н. и. центр по технол. лазерам АН СССР _v38 |
|
| 300 | _aРез. на англ. яз. | ||
| 320 | _aБиблиогр.: с. 30-35 | ||
| 701 | 1 |
_aАбильсиитов _bГ. А. _gГалым Абильситович |
|
| 702 | 1 |
_aПашкин _bС. В. _4340 |
|
| 801 | 0 |
_aRU _bNLR _gpsbo |
|
| 801 | 1 |
_aRU _bELAR _2rusmarc |
|
| 852 |
_aNLR _j89-4/2857 |
||
| 942 | _cBOOK | ||
| 980 | _aNB | ||